হযরত উমর ইবনুল খাত্তাব রাযি.- এর জীবনকথা / (Record no. 12320)
[ view plain ]
| 000 -LEADER | |
|---|---|
| fixed length control field | 01467nam a2200277 a 4500 |
| 001 - CONTROL NUMBER | |
| JCCL Control Number | 12320 |
| 003 - CONTROL NUMBER IDENTIFIER | |
| JCCL marc code | BD-JhCC |
| 005 - DATE AND TIME OF LATEST TRANSACTION | |
| control field | 20211023124820.0 |
| 008 - FIXED-LENGTH DATA ELEMENTS--GENERAL INFORMATION | |
| fixed length control field | 211023s2017 bg |||| |||| 000 0 ben d |
| 020 ## - INTERNATIONAL STANDARD BOOK NUMBER | |
| International Standard Book Number | 9789849039174 |
| 035 ## - SYSTEM CONTROL NUMBER | |
| system control number | (BD-JhCC)12320 |
| 040 ## - CATALOGING SOURCE | |
| Original cataloging agency | BD-JhCC |
| Modifying agency | BD-JhCC |
| 041 ## - LANGUAGE CODE | |
| Language code of Book | ben |
| 082 ## - DEWEY DECIMAL CLASSIFICATION NUMBER | |
| Classification number | 953.02092 |
| Author mark and Year | TAN 2017 |
| 100 ## - MAIN ENTRY--PERSONAL NAME | |
| Personal name | তানতাভী, আলী |
| 245 ## - TITLE STATEMENT | |
| Title | হযরত উমর ইবনুল খাত্তাব রাযি.- এর জীবনকথা / |
| Statement of responsibility, etc | আলী তানতাভী ও নাজী তানতাভী সম্পাদনায় মাওলানা আবুল ফাতাহ মুহাম্মদ ইয়াহইয়া এবং আবু নাঈম মুহাম্মদ সাজিদ (অনু.) |
| 260 ## - PUBLICATION, DISTRIBUTION, ETC. (IMPRINT) | |
| Place of publication, distribution, etc | ঢাকা : |
| Name of publisher, distributor, etc | মাকতাবাতুত তাকওয়া, |
| Date of publication, distribution, etc | ২০১৭ । |
| 300 ## - PHYSICAL DESCRIPTION | |
| Pagination | ৭৫২ পৃ. : |
| Dimensions | ২১ সেমি. |
| 504 ## - BIBLIOGRAPHY, ETC. NOTE | |
| Bibliography, etc | প্রত্যেক পেইজের নিচে গ্রন্থপঞ্জি অর্ন্তভূক্ত। |
| 600 ## - SUBJECT ADDED ENTRY--PERSONAL NAME | |
| Personal name | Umar ibn al-Khaṭṭāb, Caliph, |
| Dates associated with a name | -644 |
| 650 ## - SUBJECT ADDED ENTRY--TOPICAL TERM | |
| Topical term or geographic name as entry element | Islamic Empire |
| 700 ## - ADDED ENTRY--PERSONAL NAME | |
| Personal name | তানতাভী, নাজী |
| 700 ## - ADDED ENTRY--PERSONAL NAME | |
| Personal name | ইয়াহইয়া, মাওলানা আবুল ফাতাহ মুহাম্মদ |
| 700 ## - ADDED ENTRY--PERSONAL NAME | |
| Personal name | সাজিদ, আবু নাঈম মুহাম্মদ |
| 942 ## - ADDED ENTRY ELEMENTS (KOHA) | |
| Source of classification or shelving scheme | Dewey Decimal Classification |
| Koha item type | Books |
| Source of classification or shelving scheme | Damaged status | Not for loan | Home library | Current library | Shelving location | Date of accession | Cost, normal purchase price | Total Checkouts | Full call number | Barcode | Date last seen | Copy number | Koha item type |
|---|---|---|---|---|---|---|---|---|---|---|---|---|---|
| Dewey Decimal Classification | JCC Rouf Library | JCC Rouf Library | General Stacks | 06/08/2021 | 420.00 | 953.02092 TAN 2017 | 16743 | 10/23/2021 | C-1 | Books |